00547nam a2200157Ia 450000500170000000800410001708200210005810000620007924501240014126000440026530000170030965000100032665000180033665000160035465000190037020250203004432.0240331s9999 xx 000 0 und d bINS24005a305.4 aInstitute of Agriculture and Women in Development (IAWID) 0aWomen, Transition and Change:bA study of the impact of conflict and displacement on women in traditional Tamil society aColombobFriedrich-Ebert-Stiftungc1995 axii, 124 p., aWomen aTamil Society aTraditional aEthnic Confict